000
00280nam a22001097a 4500
082
_a
388.041
_b
RUB
_c
D
100
_a
Rubenstein, Harvey M
_9
38414
245
_a
Site and environmental planning/
526
_a
0
_b
0
_c
0
_d
388_041000000000000_RUB
650
_a
MCE
_9
379
942
_2
ddc
_c
BK
999
_c
543065
_d
543065